000 00624nam a22001937a 4500
005 20260523132303.0
008 260523b |||||||| |||| 00| 0 eng d
020 _a9789360282158
_c895.00
040 _aMAIN
041 _aEnglish
082 _a363.34
_bMAK
100 _aNautiyal, Anoop (ed)
_926898
245 _aMaking Molehills of Mountains
_b: Tales of Uttarakhand Climate Crisis And An Uncertain Development Model
260 _aDehradun
_bBishan Singh Mahindra Pal Singh
_c2025
300 _a173
650 _aUttarakhand Collection : Himalaya Collection
_913
700 _aRaturi, Prerna (ed)
_926899
942 _cBK
999 _c60872
_d60872